| 000 | 00000nam 2200000za 4500 |
| 001 | 9.853925 |
| 003 | CaOODSP |
| 005 | 20221107154937 |
| 007 | cr ||||||||||| |
| 008 | 180320s2018 pica o f000 0 eng d |
| 020 | |a9780660258386|z9780660258409 |
| 040 | |aCaOODSP|beng |
| 043 | |an-cn--- |
| 086 | 1 |aV32-248/2018E-PDF|zV32-248/2018 |
| 245 | 00|aCanada remembers the battle of Kapyong |h[electronic resource]. |
| 260 | |a[Charlottetown, P.E.I.] : |bVeterans Affairs Canada, |c2018. |
| 300 | |a[2] p. : |bill. |
| 500 | |aIssued also in French under title: Le Canada se souvient la battaille de Kapyong. |
| 500 | |aCaption title. |
| 500 | |aThe catalogue number (V32-248/2018) and ISBN (978-0-660-25840-9) for the bilingual print edition have been copied in this electronic publication. |
| 500 | |aIssued also in HTML format. |
| 530 | |aIssued also in bilingual print format. |
| 692 | 07|2gccst|aMilitary history |
| 693 | 4|aKorean War, 1950-1953 |
| 710 | 1 |aCanada. |bVeterans Affairs Canada. |
| 775 | 08|tLe Canada se souvient la battaille de Kapyong |w(CaOODSP)9.853932 |
| 776 | 0#|tCanada remembers the battle of Kapyong |w(CaOODSP)9.853934 |
| 795 | |tCanada remembers - the Battle of Kapyong |w(CaOODSP)9.697196 |
| 856 | 40|qPDF|s3.43 MB|uhttps://publications.gc.ca/collections/collection_2018/acc-vac/V32-248-2018-eng.pdf |
| 856 | 4 |qHTML|sN/A|uhttps://www.veterans.gc.ca/eng/remembrance/battles-and-stages/battle-of-kapyong |